00598cam a2200193 450000100060000000300080000600500170001400800410003103500190007204000270009104100080011808200220012624500800014826000360022830000370026435000080030165100510030970000440036014696BD-RjUL20211208235656.0691016s1968 enkab 000 0 eng  a(BD-RjUL)14750 aDLCcDLCdBD-RjULbeng aeng00a330.942bPEN 196802aA Penguin survey: business & industry 1967-8 /cedited by Andrew Robertson. aHarmondsworth,bPenguin,c1968. a157 p. :billus., map. ;c18 cm. a8/6 0aGreat BritainxEconomic conditionsy1964-1979.1 aRobertson, Andrew Beaumont,d1921-eed.